| 000 | 00598nam a22002417a 4500 | ||
|---|---|---|---|
| 005 | 20250219185632.0 | ||
| 008 | 220405b2002 xxu||||| |||| 00| 0 spa d | ||
| 020 | _a9702403642 | ||
| 041 |
_aING _aESP |
||
| 082 | _aR 658.15 D748d | ||
| 100 | _aDownes, John | ||
| 100 | _aElliot Goodman, Jordan | ||
| 245 | _aDiccionario de términos de finanzas | ||
| 260 | _aMéxico | ||
| 260 | _bGrupo Patria Cultural | ||
| 260 | _c2002 | ||
| 300 | _a814 páginas | ||
| 650 | _aFINANZAS | ||
| 650 | _aINVERSIONES | ||
| 650 | _aTÉRMINOS FINANCIEROS | ||
| 650 | _aDICCIONARIOS | ||
| 942 |
_cREF _2ddc |
||
| 999 |
_c13325 _d13325 |
||